00342nam a22001217a 450000500170000002000250001703700140004210000150005624500460007126000330011727000410015030000290019120111212140038.0 a9788121937337c89.00 bS. Chand  aPipe, Jim  aLook and play fire engines /cby Jim Pipe aNew Delhi bS. Chand c2011 a7361, Ram Nagar bNew Delhi e110055 a24p. bill. c24cm(pbk)